Sujetos sociales, organizaciones, conflicto, intervención social (Registro nro. 300061)

Detalles MARC
000 -ENCABEZADO
Número de control [NR] 01030 a2200265 4500
005 - FECHA Y HORA DE LA ÚLTIMA TRANSACCIÓN
control field 20150622103031.0
008 - DE LONGITUD FIJA DE DATOS DE ELEMENTOS - INFORMACIÓN GENERAL
Elementos de longitud fija [NR] 150622s2013 ck o fr|||| 00| 0 spa d
020 ## - NUMERO INTERNACIONAL NORMALIZADO PARA LIBROS [R]
Número Internacional Normalizado del libro [NR] 9789587650648
040 ## - FUENTE DE CATALOGACION [NR]
Agencia de catalogación original [NR] CO-BoUCM
Idioma de catalogación [NR] spa
Quien Cataloga Jose A. Gerena
Quien Clasifica Jose A. Gerena
041 0# - CODIGO DE IDIOMA [R]
Código de idioma para texto/pista de sonido o título separado [R] Español
245 00 - MENCION DE TITULO [NR]
Título [NR] Sujetos sociales, organizaciones, conflicto, intervención social
Mención de responsabilidad, etc. [NR] compliado por Claudia Bermudez Peña, Alba Nubia Rodríguez Pizaro
260 ## - PUBLICACION, DISTRIBUCION, ETC. (PIE DE IMPRENTA) [R]
Fecha de publicación, distribución, etc. [R] 2013
Nombre del editor, distribuidor, etc. [R] Editorial Universidad del Valle
Lugar de publicación, distribución, etc. [R] Santiago de Cali (Valle del Cauca, Colombia)
300 ## - DESCRIPCION FISICA [R]
Extensión [R] 149 páginas
Otros detalles físicos [NR] fotografías
490 ## - MENCION DE SERIE [R]
Mención de serie [R] Ciencias sociales
504 ## - NOTA DE BIBLIOGRAFIA, ETC. [R]
Nota de bibliografía, etc. [NR] Incluye referencias bibliográficas
650 #7 - ASIENTO SECUNDARIO DE MATERIA - TERMINO TEMATICO [R]
Término temático o nombre geográfico como elemento de entrada [NR] Sociología
9 (RLIN) 24766
650 #7 - ASIENTO SECUNDARIO DE MATERIA - TERMINO TEMATICO [R]
9 (RLIN) 16559
Término temático o nombre geográfico como elemento de entrada [NR] Grupos sociales
650 #7 - ASIENTO SECUNDARIO DE MATERIA - TERMINO TEMATICO [R]
9 (RLIN) 8338
Término temático o nombre geográfico como elemento de entrada [NR] Acción comunitaria
650 #7 - ASIENTO SECUNDARIO DE MATERIA - TERMINO TEMATICO [R]
9 (RLIN) 11564
Término temático o nombre geográfico como elemento de entrada [NR] Conflicto armado
690 ## - ASUNTO AGREGADO LOCAL DE ENTRADA - TÉRMINO TEMÁTICO (OCLC, RLIN)
9 (RLIN) 42914
Acceso temático local Sociología
700 1# - ASIENTO SECUNDARIO - NOMBRE PERSONAL [R]
Nombre personal [NR] Bermúdez Peña, Claudia
Término de relación [R] compilador
9 (RLIN) 69811
700 1# - ASIENTO SECUNDARIO - NOMBRE PERSONAL [R]
Nombre personal [NR] Rodríguez Pizarro, Alba Nubia
9 (RLIN) 69812
942 ## - ELEMENTOS DE ENTRADA AGREGADOS (KOHA)
Sistema de clasificación DEWEY
Tema principal Sociología
Tipo de ítem principal el descrito en 300a Libro
Edición 1
Clasificación 301
Parte restante de la signatura top. S948
Existencias
Fecha de último préstamo Total préstamos Total Renewals Signatura topográfica Código de barras Última vez visto Ejemplar Costo de reposición Price effective from Tipo de ítem Perdido Sistema de clasificación Dañado No prestable Tipo de ítem específico Suprimido Ubicación habitual Ubicación actual Localización Fecha de creación Proveedor Forma de adquisición Costo
22/02/2019 3 1 301 S948 100146575 09/12/2025 Ej.1 26000.00 12/06/2015 Libro   DEWEY     Libro   Claustro Claustro 2do piso 12/06/2015 12 Donación 0.00